Sports Quiz

Random Sports or NFL Quiz

NFL Opening Day 2010 Quaterbacks Quiz Stats

 Plays Quiz not verified by Sporcle

Score 0/32 Timer 04:00
0 Plays Today
Division Player % Correct
AFC SouthPeyton Manning
100%
NFC EastEli Manning
100%
AFC EastTom Brady
98.2%
AFC NorthJoe Flacco
96.5%
NFC NorthAaron Rodgers
95.9%
NFC EastTony Romo
95.3%
AFC NorthCarson Palmer
94.2%
NFC NorthJay Cutler
94.2%
AFC EastMark Sanchez
93%
AFC WestPhillip Rivers
92.4%
NFC SouthDrew Brees
92.4%
NFC EastDonovan McNabb
91.8%
NFC SouthMatt Ryan
91.8%
NFC NorthMatthew Stafford
91.8%
NFC WestAlex Smith
91.8%
AFC SouthMatt Schaub
88.9%
Division Player % Correct
AFC SouthVince Young
88.9%
NFC NorthBrett Favre
88.3%
AFC WestKyle Orton
87.1%
NFC EastKevin Kolb
87.1%
NFC WestMatt Hasselbeck
86.5%
AFC WestMatt Cassel
84.2%
AFC SouthDavid Garrard
83%
NFC WestSam Bradford
83%
AFC EastChad Henne
81.9%
NFC SouthJosh Freeman
78.9%
AFC WestJason Campbell
78.4%
NFC WestDerek Anderson
74.9%
AFC NorthJake Delhomme
73.7%
NFC SouthMatt Moore
70.8%
AFC EastTrent Edwards
70.2%
AFC NorthDennis Dixon
67.3%

You're not logged in!

Compare scores with friends on all Sporcle quizzes.
OR
Log In

Show Comments

Extras

Top Quizzes Today


Score Distribution

Your Account Isn't Verified!

In order to create a playlist on Sporcle, you need to verify the email address you used during registration. Go to your Sporcle Settings to finish the process.

Report this User

Report this user for behavior that violates our Community Guidelines.

Details: